Clubs vainqueurs de la Community Shield. - Statistiques

Statistiques générales
  • Ce quiz a été pris 14 fois
  • Le résultat moyen est 74 sur 103
Statistiques - réponses
HINT ANSWER % Correct
1990 Liverpool FC|Manchester United
100%
1937 | 1968 | 1972 | +4 others Manchester City
100%
1908 | 1911 | 1952 | +14 others Manchester United
100%
1965 | 1977 Manchester United|Liverpool FC
100%
1967 Manchester United|Tottenham Hotspur
100%
1930 | 1931 | 1933 | +13 others Arsenal FC
92%
1991 Arsenal FC|Tottenham Hotspur
92%
1981 Aston Villa|Tottenham Hotspur
92%
1955 | 2000 | 2005 | 2009 Chelsea FC
92%
1986 Everton FC|Liverpool FC
92%
1966 | 1974 | 1976 | +8 others Liverpool FC
92%
1964 Liverpool FC|West Ham United
92%
1921 | 1951 | 1961 | 1962 Tottenham Hotspur
85%
2025 Crystal Palace
62%
1969 | 1992 Leeds United
62%
1971 | 2021 Leicester City
54%
1909 Newcastle United
54%
1928 | 1932 | 1963 | +5 others Everton FC
46%
1978 Nottingham Forest
38%
1935 Sheffield Wednesday
38%
1912 Blackburn Rovers
31%
1975 Derby County
31%
1910 Brighton and Hove Albion
23%
1920 West Bromwich Albion
23%
1954 Wolverhampton Wanderers|West Bromwich Albion
23%
1922 Huddersfield Town
15%
1949 Portsmouth FC|Wolverhampton Wanderers
15%
1936 Sunderland AFC
15%
1950 Angleterre
8%
1925 | 1926 Angleterre Amateurs
8%
1913 | 1923 | 1924 | 1929 Angleterre Professionnels
8%
1958 Bolton Wanderers
8%
1973 Burnley FC
8%
1960 Burnley FC|Wolverhampton Wanderers
8%
1927 Cardiff City
8%
1959 Wolverhampton Wanderers
8%
Aucun quiz correspondant
Distribution des résultats
% des personnes avec chaque résultat
Percentile par nombre de réponses
Votre historique - résultats
Vous n’avez pas pris ce quiz